00956nam a2200253Ia 4500003000400000005001700004008004100021020001500062040001800077041000800095082002400103100002600127245009200153250001400245260003900259300002400298650004400322650003100366650004400397700002800441942003200469999001900501952018200520OSt20220124151015.0210716s2002 xx 000 0 und d a0631223398 cAIMIT LIBRARY aeng a332.01511821bTEAJ aTeall, John L.913314 aQuantitative Methods for Finance and Investments /bycJohn l.Teall and Iftekhar, Hasan. a[1st ed.] bBlackwell Publishing,c2002.aUSA: axiii,276p.; 24.5cm. aReview of elementary mathematics913315 aTime value of money913316 aElementary of matrix mathematics913317 aHasan, Iftekhar.913318 2ddccBKe1k332.015118 TEAJ c199331d199331 00102ddc40708MBAaAIMITbAIMITd2005-08-25g2102.00iBill no:2005/crb/0001116; Bill dl1o332.015118 TEAJpMBA01896r2026-05-23 00:00:00s2024-01-25v1681.60w2021-07-16yBK